Электротехника и электроника: примеры и методические указания к решению задач контрольных работ для студентов-заочников неэлектротехнических специальностей; учебное пособие

Detalles Bibliográficos
Autor principal: Аристова Л. И. Людмила Ивановна
Autor Corporativo: Национальный исследовательский Томский политехнический университет (ТПУ)
Otros Autores: Лукутин А. В. Алексей Владимирович, Шпаков В. И. Владимир Иванович
Sumario:Пособие содержит краткие теоретические сведения по разделам курсов: "Электротехника", "Электротехника и электроника", "Электротехника и электроснабжение", "Электротехника и электропривод", включает методические указания и общие рекомендации к решению задач, анализ и решение типовых задач. Предназначено для студентов неэлектротехнических специальностей заочной формы обучения.
Lenguaje:ruso
Publicado: Томск, Изд-во ТПУ, 2011
Materias:
Formato: Libro
KOHA link:https://koha.lib.tpu.ru/cgi-bin/koha/opac-detail.pl?biblionumber=211637

MARC

LEADER 00000nam0a2200000 4500
001 211637
005 20231101225708.0
035 |a (RuTPU)RU\TPU\book\231203 
035 |a RU\TPU\book\72193 
090 |a 211637 
100 |a 20120316d2011 m y0rusy50 ca 
101 0 |a rus 
102 |a RU 
105 |a a j 001zy 
200 1 |a Электротехника и электроника  |e примеры и методические указания к решению задач контрольных работ для студентов-заочников неэлектротехнических специальностей  |e учебное пособие  |f Л. И. Аристова, А. В. Лукутин, В. И. Шпаков  |g Национальный исследовательский Томский политехнический университет (ТПУ) 
210 |a Томск  |c Изд-во ТПУ  |d 2011 
215 |a 178 с.  |c ил. 
320 |a Библиогр.: с. 176. 
330 |a Пособие содержит краткие теоретические сведения по разделам курсов: "Электротехника", "Электротехника и электроника", "Электротехника и электроснабжение", "Электротехника и электропривод", включает методические указания и общие рекомендации к решению задач, анализ и решение типовых задач. Предназначено для студентов неэлектротехнических специальностей заочной формы обучения. 
606 1 |a Электротехника общая  |2 stltpush  |3 (RuTPU)RU\TPU\subj\20906  |9 45967 
610 1 |a электроника 
610 1 |a электрические цепи 
610 1 |a магнитные цепи 
610 1 |a трансформаторы 
610 1 |a трехфазные асинхронные машины 
610 1 |a машины постоянного тока 
610 1 |a электроприводы 
610 1 |a трехфазные синхронные машины 
610 1 |a электроснабжение 
610 1 |a задачи 
610 1 |a решения 
610 1 |a контрольные работы 
610 1 |a труды учёных ТПУ 
610 1 |a учебные пособия 
675 |a 621.3(076)  |v 3 
700 1 |a Аристова  |b Л. И.  |c специалист в области электротехники  |c старший преподаватель Томского политехнического университета  |g Людмила Ивановна  |2 stltpush  |3 (RuTPU)RU\TPU\pers\26763 
701 1 |a Лукутин  |b А. В.  |c специалист в области электротехники  |c доцент Томского политехнического университета  |g Алексей Владимирович  |2 stltpush  |3 (RuTPU)RU\TPU\pers\27023 
701 1 |a Шпаков  |b В. И.  |c специалист в области электротехники и электрооборудования  |c доцент Томского политехнического университета, кандидат технических наук  |c выпускник Томского политехнического института, 1973 г.  |f 1949-  |g Владимир Иванович  |2 stltpush  |3 (RuTPU)RU\TPU\pers\28717 
712 0 2 |a Национальный исследовательский Томский политехнический университет (ТПУ)  |c (2009- )  |2 stltpush  |3 (RuTPU)RU\TPU\col\15902 
801 1 |a RU  |b 63413507  |c 20040924  |g PSBO 
801 2 |a RU  |b 63413507  |c 20210415  |g PSBO 
942 |c BK